000
00212nam a22000857a 4500
008
230710b |||||||| |||| 00| 0 eng d
020
_a
9781421539911
100
_a
Kishimoto Masashi
_9
7689
245
_a
Naruto-Vol- 7-8-9
999
_c
12345
_d
12345